| 000 | 02173nam a2200457 i 4500 | ||
|---|---|---|---|
| 001 | 768714001 | ||
| 003 | CO-MdFUSB | ||
| 005 | 20250801103122.0 | ||
| 006 | m|||||r|||| 00| 0 | ||
| 007 | ca au aacaa | ||
| 008 | 190529s2018 ck a|||g |||| 00| 0 spa d | ||
| 020 | _a9789585690813 | ||
| 040 |
_aCO-MdFUSB _bspa _cCO-MdFUSB _dCO-MdFUSBC _erda |
||
| 041 | _aspa | ||
| 082 |
_224 _aG 261 _bF288e |
||
| 240 | _aEconomía. | ||
| 245 | 0 | 3 |
_aEl profesional cristiano y la recuperación económica de las personas en situación de desplazamiento _c/ Christopher M. Hays |
| 264 | 1 |
_aMedellín, Colombia : _bPublicaciones SBC, _c℗[2018] |
|
| 264 | 4 | _c©2018 | |
| 300 |
_a105 páginas ; _c28 cm ; _bilustraciones _eIncluye material acompañante (3 manuales) |
||
| 336 |
_2rdacontent _atexto _btxt |
||
| 337 |
_2rdamedia _asin mediación _bn |
||
| 338 |
_2rdacarrier _avolumen _bnc |
||
| 490 | 1 | _aFe y desplazamiento | |
| 505 | _aIntroducción -- La misión integral de la iglesia y la vida económica -- La vocación profesional y la vocación cristiana -- El potencial y la participación de las personas en situación de desplazamiento -- La ética y las empresas cristianas -- Posibilidades y proyecciones | ||
| 563 | _aRústico | ||
| 650 | 0 |
_91177 _aIglesia y problemas sociales |
|
| 653 | _aDesplazamiento -- Cristianismo -- Colombia | ||
| 720 | _aAsesor pedagógico: Jhohan Centeno | ||
| 773 | 0 |
_065083 _977611 _o18237 _tInventario de habilidades profesionales _w(CO-MdFUSB)768714001 |
|
| 773 | 0 |
_065083 _977623 _o18687 _tInventario de habilidades profesionales _w(CO-MdFUSB)768714001 |
|
| 773 | 0 |
_065090 _977624 _o9847 _tInventario de habilidades profesionales _w(CO-MdFUSB)768714001 |
|
| 773 | 0 |
_065090 _977625 _o9851 _tInventario de habilidades profesionales _w(CO-MdFUSB)768714001 |
|
| 773 | 0 |
_065083 _977650 _o22136 _tInventario de habilidades _w(CO-MdFUSB)768714001 |
|
| 773 | 0 |
_065083 _977651 _o22137 _tInventario de habilidades _w(CO-MdFUSB)768714001 |
|
| 830 |
_aFe y desplazamiento _p: Economía |
||
| 856 | _uhttps://repositorio.repci.co/handle/123456789/301 | ||
| 942 | _cBK | ||
| 945 |
_aANF-558 _bAEM-53 |
||
| 999 |
_c65073 _d65073 |
||